00510 2200205 4500001002100000005001500021035002000036007000300056008004100059020002100100082001000121084001600131100002100147245004800168250000600216260003100222300002400253650001700277990001000294INLIS00000000000004020170907105650 a0010-0917000026ta170907 f 0 ind  a978-979-033-7961 a297.4 a297.4 SUL m0 aSulaiman Tasirun1 aMenikmati Lezatnya Zikir /cTsirun Sulaiman a1 aJakarta :bErlangga,c2009 a114hlm ;c10 x 12cm aAmalan Islam a14004